000 01134cam a2200301 i 4500
001 vtls003271957
003 MY-SjTCS
005 20200306170402.0
008 170213t20152015flua b 001 0 eng d
020 _a9781444137606 (paperback)
039 9 _a201802151053
_bshuhada
_c201802071503
_dmalathy
_c201702131525
_dshuhada
_c201702131524
_dshuhada
_y201610201100
_zmalathy
040 _erda
082 0 4 _a617
_bESS 2015
245 0 0 _aEssential surgical practice :
_bhigher surgical training in general surgery /
_cedited by Professor Sir Alfred Cuschier, Professor George B. Hanna.
250 _aFifth edition.
264 1 _aBoca Raton :
_bCRC Press/Taylor & Francis Group,
_c[2015]
264 4 _c©2015
300 _axii, 1064 pages :
_billustrations (some colour) ;
_c29 cm
336 _atext
_2rdacontent
337 _aunmediated
_2rdamedia
338 _avolume
_2rdacarrier
504 _aIncludes bibliographical references and index.
650 0 _aSurgery.
_9209767
650 0 _aSurgery, Operative.
_943324
700 1 _aCuschieri, A.
_q(Alfred)
_957363
700 1 _aHanna, George B.
_976459
920 _aSOM : 226578, 229925
999 _c62062